Statistics for 12 x 12 Multiplikasjonstabell - Ett Minutt Sprint

Click here to take the quiz!

General Stats

  • This quiz has been taken 1 390 times
  • The average score is 94 of 144

Answer Stats

svar% Correct
1
100%
6
100%
2
99%
3
99%
4
99%
5
99%
7
99%
8
99%
9
99%
12
98%
10
97%
14
91%
11
90%
20
90%
18
88%
16
87%
24
87%
30
86%
22
80%
15
79%
40
76%
21
74%
36
70%
25
69%
28
67%
50
66%
60
64%
27
63%
33
61%
35
59%
32
57%
45
56%
55
53%
44
52%
48
50%
70
47%
80
44%
90
43%
100
42%
42
41%
66
32%
54
31%
56
31%
120
30%
77
28%
110
27%
72
26%
99
26%
88
25%
49
23%
64
20%
144
19%
81
19%
121
18%
63
18%
84
14%
108
11%
132
11%
96
11%

Score Distribution

Percentile by Number Answered

Percent of People with Each Score

Your Score History

You have not taken this quiz